000 00867nam a2200241 i 4500
001 87297
003 ES-MaACL
005 20230906175636.0
007 t|
008 041221s1964 sp ||||1| spa d
100 1 _aKrahe, Hans.
_968713
245 1 0 _aLingüística indoeuropea /
_cHans Krahe ; traducción de Justo Vicuña Suberviola.
260 _aMadrid :
_bInstituto "Antonio de Nebrija",
_c1964.
300 _a165 p. ;
_c25 cm.
490 1 _aManuales y anejos de Emérita ;
_v11
500 _aPrecede al tít.: Consejo Superior de Investigaciones Científicas.
650 0 4 _aLenguas indoeuropeas.
_914360
700 0 _aVicuña, Justo.
_9114407
710 2 _aConsejo Superior de Investigaciones Científicas (España)
_93236
830 0 _aManuales y anejos de Emérita ;
_v11
_9183691
852 _aES-MaACL
_jC-25853
_bR.54327
999 _c87297
_d87297